00947cam a2200277 a 45000010008000000030005000080050017000130080041000300100017000710200022000880380012001100400018001220500023001400820017001631000020001802450070002002460053002702600045003233000032003685000020004006500016004206500037004366500036004738560086005098560074005952578735NUST20191202164812.0960314s1997 maua 001 0 eng  a 96014591  a0750697075 (pbk.) aMSOHAIL aDLCcDLCdDLC00aTK7876b.C385 199700a621.38132201 aCarr, Joseph J.10aMicrowave & wireless communications technology /cJoseph J. Carr.3 aMicrowave and wireless communications technology aBoston :bButterworth-Heinemann,cc1997. ax, 436 p. :bill. ;c26 cm. aIncludes index. 0aMicrowaves. 0aMicrowave communication systems. 0aWireless communication systems.423Publisher descriptionuhttp://www.loc.gov/catdir/description/els032/96014591.html413Table of contentsuhttp://www.loc.gov/catdir/toc/els032/96014591.html